Loading...
| Fine Arts - Classical Music | 0 | 6 | 3 | 0 | 45 | 15 | 57.67 | 3 | 5 | 0.00 | 0.00 |
| Science - Biology | 0 | 4 | 1 | 2 | 35 | 58 | 90.25 | 0 | 2 | 0.00 | 0.00 |
| Literature - European | 0 | 3 | 0 | 0 | 30 | 39 | 61.67 | 0 | 3 | 0.00 | 0.00 |
| Science - Other | 0 | 3 | 0 | 2 | 30 | 90 | 110.67 | 1 | 1 | 0.00 | 0.00 |
| History - American | 0 | 3 | 0 | 1 | 30 | 89 | 97.00 | 0 | 1 | 0.00 | 0.00 |
| Literature - American | 0 | 2 | 0 | 0 | 20 | 75 | 89.00 | 0 | 0 | 0.00 | 0.00 |
| Fine Arts - Other | 0 | 2 | 0 | 1 | 20 | 39 | 68.00 | 0 | 1 | 0.00 | 0.00 |
| Geography | 0 | 2 | 0 | 1 | 20 | 56 | 81.00 | 1 | 1 | 0.00 | 0.00 |
| Science - Chemistry | 0 | 2 | 0 | 1 | 20 | 72 | 81.00 | 0 | 2 | 0.00 | 0.00 |
| History - World | 0 | 1 | 0 | 0 | 10 | 56 | 56.00 | 0 | 0 | 0.00 | 0.00 |
| History - Other | 0 | 1 | 0 | 0 | 10 | 73 | 73.00 | 0 | 1 | 0.00 | 0.00 |
| Mythology | 0 | 1 | 0 | 0 | 10 | 73 | 73.00 | 0 | 1 | 0.00 | 0.00 |
| History - European | 0 | 1 | 0 | 0 | 10 | 42 | 42.00 | 1 | 1 | 0.00 | 0.00 |
| Fine Arts - Painting and Sculpture | 0 | 1 | 0 | 1 | 10 | 81 | 81.00 | 0 | 0 | 0.00 | 0.00 |
| Popular Culture | 0 | 1 | 1 | 0 | 5 | 110 | 110.00 | 0 | 0 | 0.00 | 0.00 |
| Literature - British | 0 | 1 | 1 | 1 | 5 | 83 | 83.00 | 0 | 0 | 0.00 | 0.00 |
| Science - Physics | 0 | 0 | 1 | 0 | -5 | 0.00 | 0 | 0 | 0.00 | 0.00 |